000 01038nac a22003257a 4500
001 BR0704640
003 BR-BrBNA
005 20240105123452.0
008 230509b bl.|||m| |||| 00| 0 por d
040 _aBR-BrBNA
_bpor
_cBiblioteca Nacional de Agricultura
072 _aQ04
090 _a0311 BR0704640
100 1 _aSeixas, A.B.
100 1 _aLima, D.S.
100 1 _aAlencastro, C.G. de
100 1 _aCastro, A.T.B.
110 1 _aCentro de Tecnologia Agrícola e Alimentar, Rio de Janeiro, RJ (Brasil)
_91664
245 1 _aObtenção do óleo de coco a partir da polpa fresca
260 3 _aRio de Janeiro, RJ (Brasil):
_c1972.
300 _a7 p.
490 _aBoletim Técnico do Centro de Tecnologia Agrícola e Alimentar (Brazil)
_vno. 3
_xISSN 0100-3690
500 _a6 ref.; Documento microfilmado e tratado BR6005626
650 _aCOCO
650 _aFRUTO
650 _aOLÉO
650 _aPOLPA
650 _aANÁLISE QUÍMICA
909 _a202312
_bLúcia Elande
_c55
_dLúcia Elande
942 _2AGRIS
_n0
_cMS
999 _c295602
_d295602